[Event "Barnsdale Young Masters"]
[Site "Uppingham"]
[Date "1989.02.24"]
[Round "1"]
[White "Hebden, Mark L"]
[Black "Jackson, Sheila"]
[Result "1-0"]
[WhiteElo "2455"]
[BlackElo "2210"]
[PlyCount "85"]
[EventDate "1989.02.24"]
[EventType "swiss"]
[EventRounds "6"]
[EventCountry "ENG"]
[SourceTitle "BritBase"]
[Source "John Saunders"]
[SourceDate "2020.09.07"]
[SourceVersion "1"]
[SourceVersionDate "2020.09.07"]
[SourceQuality "2"]

1. d4 Nf6 2. Nf3 e6 3. c4 Bb4+ 4. Bd2 a5 5. Nc3 O-O 6. g3 b6 7. Bg2 Bb7 8. O-O
Re8 9. Rc1 h6 10. d5 e5 11. Nh4 d6 12. e4 Nbd7 13. Nf5 Nc5 14. f4 Nd3 15. Rc2
Bc5+ 16. Kh1 Nf2+ 17. Rxf2 Bxf2 18. fxe5 dxe5 19. Bxh6 gxh6 20. Rxf2 Kh7 21.
Qf3 Rg8 22. Bh3 Rg5 23. Ne3 Ng8 24. Qxf7+ Kh8 25. Be6 Rg7 26. Qf3 Qg5 27. Qe2
Ne7 28. Nf5 Nxf5 29. exf5 Rf8 30. Qxe5 h5 31. Rf4 Qf6 32. Qe2 Rh7 33. Rh4 Qg5
34. Ne4 Qc1+ 35. Kg2 Qh6 36. b3 Bc8 37. Qb2+ Qg7 38. f6 Qg6 39. Qe5 Rh6 40. Rf4
Rh7 41. Ng5 Rh6 42. Bxc8 Rxc8 43. f7+ 1-0

[Event "Barnsdale Young Masters"]
[Site "Uppingham"]
[Date "1989.02.24"]
[Round "1"]
[White "Piper, Matthew"]
[Black "Gallagher, Joseph G"]
[Result "1-0"]
[WhiteElo "2305"]
[BlackElo "2405"]
[PlyCount "103"]
[EventDate "1989.02.24"]
[EventType "swiss"]
[EventRounds "6"]
[EventCountry "ENG"]
[SourceTitle "BritBase"]
[Source "John Saunders"]
[SourceDate "2020.09.07"]
[SourceVersion "1"]
[SourceVersionDate "2020.09.07"]
[SourceQuality "2"]

1. e4 c5 2. Nf3 d6 3. d4 cxd4 4. Nxd4 Nf6 5. Nc3 a6 6. Be3 e6 7. Qd2 Be7 8. f3
Nc6 9. g4 O-O 10. O-O-O Nxd4 11. Bxd4 b5 12. Kb1 b4 13. Ne2 e5 14. Be3 Be6 15.
g5 Nh5 16. Ng3 Nf4 17. h4 f6 18. g6 hxg6 19. h5 gxh5 20. Bxf4 exf4 21. Qxf4 Qa5
22. b3 Qe5 23. Nxh5 a5 24. Qh4 Qg5 25. Qh2 Qh6 26. Bd3 Kf7 27. Rdg1 Rh8 28. Qf2
g6 29. Ng3 Qf4 30. Ne2 Qe5 31. f4 Qc5 32. Qg2 g5 33. f5 Bd7 34. Bc4+ Kg7 35.
Ng3 a4 36. Nh5+ Kf8 37. Nf4 Kg7 38. Ng6 Qd4 39. c3 bxc3 40. Rxh8 c2+ 41. Kxc2
Bc6 42. Re1 Rxh8 43. Nxh8 a3 44. Qe2 Bd8 45. Qe3 Qxe3 46. Rxe3 Kxh8 47. Bd5 Bd7
48. b4 Ba4+ 49. Kd2 Bb6 50. Rxa3 Bd7 51. Ra8+ Kg7 52. Rb8 1-0

[Event "Barnsdale Young Masters"]
[Site "Uppingham"]
[Date "1989.02.24"]
[Round "1"]
[White "Plaskett, H James"]
[Black "Handley, Mike"]
[Result "1-0"]
[WhiteElo "2445"]
[BlackElo "2205"]
[PlyCount "57"]
[EventDate "1989.02.24"]
[EventType "swiss"]
[EventRounds "6"]
[EventCountry "ENG"]
[SourceTitle "BritBase"]
[Source "John Saunders"]
[SourceDate "2020.09.07"]
[SourceVersion "1"]
[SourceVersionDate "2020.09.07"]
[SourceQuality "2"]

1. c4 c5 2. b3 Nc6 3. Bb2 Nf6 4. g3 d5 5. cxd5 Nxd5 6. Bg2 e5 7. d3 Be7 8. Nf3
f6 9. O-O O-O 10. Nbd2 Be6 11. Rc1 Rc8 12. a3 Qd7 13. Re1 Rfd8 14. Ne4 Nd4 15.
Nfd2 f5 16. Nc3 Nxc3 17. Bxc3 Bf6 18. Bb2 Qf7 19. b4 cxb4 20. Rxc8 Rxc8 21.
Bxd4 exd4 22. axb4 Rc3 23. Qa4 a6 24. Bxb7 h5 25. Bxa6 h4 26. Bc4 h3 27. Qc6
Bxc4 28. Nxc4 f4 29. Qc8+ 1-0

[Event "Barnsdale Young Masters"]
[Site "Uppingham"]
[Date "1989.02.25"]
[Round "2"]
[White "Ady, Jonathan James"]
[Black "Flear, Glenn C"]
[Result "1-0"]
[WhiteElo "2310"]
[BlackElo "2500"]
[PlyCount "103"]
[EventDate "1989.02.24"]
[EventType "swiss"]
[EventRounds "6"]
[EventCountry "ENG"]
[SourceTitle "BritBase"]
[Source "John Saunders"]
[SourceDate "2020.09.07"]
[SourceVersion "1"]
[SourceVersionDate "2020.09.07"]
[SourceQuality "2"]

1. e4 e5 2. Nf3 Nc6 3. Bb5 a6 4. Ba4 Nf6 5. O-O Nxe4 6. d4 b5 7. Bb3 d5 8. dxe5
Be6 9. c3 Be7 10. Nbd2 Nc5 11. Bc2 Bg4 12. Re1 Qd7 13. Nf1 Rd8 14. Ne3 Bh5 15.
Nf5 O-O 16. h4 Bg4 17. Nxe7+ Nxe7 18. Qd4 Bxf3 19. gxf3 Ne6 20. Qg4 d4 21. cxd4
Nxd4 22. Be4 Ne2+ 23. Kg2 Nxc1 24. Raxc1 f5 25. exf6 Rxf6 26. h5 Qd6 27. Rc3
Rf4 28. Qg5 h6 29. Qc5 Qf6 30. Qxc7 Qg5+ 31. Kf1 Nf5 32. Rc5 Rf8 33. Qe5 Kh8
34. Rec1 Rh4 35. Ke2 Rd8 36. Rd5 Rxe4+ 37. fxe4 Rxd5 38. Qe8+ Kh7 39. Qg6+ Qxg6
40. hxg6+ Kxg6 41. exd5 Kf6 42. f4 g5 43. Rc6+ Ke7 44. Rxa6 gxf4 45. Kf3 Ne3
46. Ke4 h5 47. Rh6 Nd1 48. Kxf4 Nxb2 49. Rxh5 Nd3+ 50. Ke4 Nb4 51. Rh2 Kd6 52.
a3 1-0

[Event "Barnsdale Young Masters"]
[Site "Uppingham"]
[Date "1989.02.25"]
[Round "2"]
[White "Carr, Neil L"]
[Black "Chandler, Murray G"]
[Result "1/2-1/2"]
[WhiteElo "2315"]
[BlackElo "2600"]
[PlyCount "119"]
[EventDate "1989.02.24"]
[EventType "swiss"]
[EventRounds "6"]
[EventCountry "ENG"]
[SourceTitle "BritBase"]
[Source "John Saunders"]
[SourceDate "2020.09.07"]
[SourceVersion "1"]
[SourceVersionDate "2020.09.07"]
[SourceQuality "2"]

1. e4 c5 2. d4 cxd4 3. c3 dxc3 4. Nxc3 d6 5. Nf3 Nc6 6. Bc4 e6 7. O-O Be7 8.
Qe2 a6 9. Rd1 Qc7 10. Bf4 Nf6 11. Rac1 O-O 12. h3 Bd7 13. e5 dxe5 14. Nxe5 Bd6
15. Nxd7 Bxf4 16. Nxf8 Bxc1 17. Nxe6 fxe6 18. Qxe6+ Kh8 19. Rxc1 Nd4 20. Qf7
Qe5 21. Rd1 b5 22. Bf1 b4 23. Na4 Rd8 24. Rd3 Ne4 25. Qc4 Qf4 26. f3 Ng3 27.
Nc5 h5 28. b3 Qe5 29. Qxb4 a5 30. Qb6 Rd5 31. Qxa5 Nde2+ 32. Bxe2 Nxe2+ 33. Kf2
Rxc5 34. Qa8+ Kh7 35. Re3 Qd4 36. Qe4+ Qxe4 37. fxe4 Nc3 38. b4 Rc4 39. Kf3
Nxa2 40. e5 Kg8 41. b5 Kf7 42. e6+ Ke7 43. b6 Nb4 44. Re5 Nc6 45. Rxh5 Rb4 46.
Rc5 Nd4+ 47. Kg3 Nxe6 48. Rf5 Rxb6 49. h4 Rb3+ 50. Kg4 Rb4+ 51. Kh5 Nf4+ 52.
Kg5 Nxg2 53. h5 Rb3 54. Ra5 Kf7 55. Kg4 Kg8 56. h6 g6 57. Ra2 Ne1 58. Ra7 Kh8
59. Kg5 Rg3+ 60. Kf6 1/2-1/2

[Event "Barnsdale Young Masters"]
[Site "Uppingham"]
[Date "1989.02.25"]
[Round "2"]
[White "Jones, Andrew"]
[Black "Plaskett, H James"]
[Result "0-1"]
[WhiteElo "2240"]
[BlackElo "2445"]
[PlyCount "54"]
[EventDate "1989.02.24"]
[EventType "swiss"]
[EventRounds "6"]
[EventCountry "ENG"]
[SourceTitle "BritBase"]
[Source "John Saunders"]
[SourceDate "2020.09.07"]
[SourceVersion "1"]
[SourceVersionDate "2020.09.07"]
[SourceQuality "2"]

1. e4 c5 2. Nf3 e6 3. d4 cxd4 4. Nxd4 a6 5. Bd3 Ne7 6. O-O Nec6 7. Nxc6 Nxc6 8.
Be3 Be7 9. f4 O-O 10. c4 b6 11. Nc3 d6 12. Qf3 Nb4 13. Bb1 Bb7 14. Qf2 b5 15.
a3 Nc6 16. cxb5 axb5 17. Nxb5 Ba6 18. Bd3 Qd7 19. Qe2 Rab8 20. Nd4 Bf6 21. Bxa6
Nxd4 22. Qc4 d5 23. exd5 exd5 24. Qd3 Rb3 25. Qd2 Rxb2 26. Qd3 Rb3 27. Qd2 Rxe3
0-1

[Event "Barnsdale Young Masters"]
[Site "Uppingham"]
[Date "1989.02.25"]
[Round "3"]
[White "Chandler, Murray G"]
[Black "Lawton, Geoffrey W"]
[Result "1/2-1/2"]
[WhiteElo "2600"]
[BlackElo "2375"]
[PlyCount "108"]
[EventDate "1989.02.24"]
[EventType "swiss"]
[EventRounds "6"]
[EventCountry "ENG"]
[SourceTitle "BritBase"]
[Source "John Saunders"]
[SourceDate "2020.09.07"]
[SourceVersion "1"]
[SourceVersionDate "2020.09.07"]
[SourceQuality "2"]

1. e4 c5 2. Nf3 Nc6 3. d4 cxd4 4. Nxd4 Nf6 5. Nc3 e5 6. Ndb5 d6 7. Bg5 a6 8.
Na3 b5 9. Bxf6 gxf6 10. Nd5 f5 11. Bd3 Be6 12. O-O Bxd5 13. exd5 Ne7 14. Nxb5
Bg7 15. Nc3 e4 16. Bc4 Qa5 17. Qd2 Rc8 18. Bb3 Bxc3 19. bxc3 Qxc3 20. Qe2 Rg8
21. Kh1 Ng6 22. Qxa6 Ke7 23. Qa7+ Kf6 24. Qe3 Qxe3 25. fxe3 Rc3 26. Rae1 Ke5
27. Rf2 Ne7 28. g3 Ra8 29. Rd2 Ra5 30. Kg1 Nxd5 31. Kf2 Nf6 32. h3 h5 33. Red1
d5 34. Ke2 Rac5 35. Rf1 Rc8 36. Rfd1 Rg8 37. Kf2 h4 38. gxh4 f4 39. exf4+ Kxf4
40. Rf1 Rxh3 41. Ke1+ Rf3 42. Rh1 e3 43. Rd4+ Ke5 44. Rd3 d4 45. c3 dxc3 46.
Rxc3 Ne4 47. Rc7 Nf2 48. Ke2 Nxh1 49. Kxf3 Rg3+ 50. Ke2 f5 51. Rc5+ Kd4 52.
Rc4+ Ke5 53. Rc5+ Kd4 54. Rc4+ Ke5 1/2-1/2

[Event "Barnsdale Young Masters"]
[Site "Uppingham"]
[Date "1989.02.25"]
[Round "3"]
[White "Crawley, Gavin"]
[Black "Ady, Jonathan James"]
[Result "1-0"]
[WhiteElo "2385"]
[BlackElo "2310"]
[PlyCount "69"]
[EventDate "1989.02.24"]
[EventType "swiss"]
[EventRounds "6"]
[EventCountry "ENG"]
[SourceTitle "BritBase"]
[Source "John Saunders"]
[SourceDate "2020.09.07"]
[SourceVersion "1"]
[SourceVersionDate "2020.09.07"]
[SourceQuality "2"]

1. e4 c5 2. Nf3 d6 3. d4 cxd4 4. Nxd4 Nf6 5. Nc3 a6 6. Bc4 e6 7. a3 b5 8. Ba2
Bb7 9. O-O Nbd7 10. Re1 Qc7 11. Bg5 h6 12. Bh4 g5 13. Bg3 Ne5 14. Qd2 Be7 15.
Rad1 O-O-O 16. f3 g4 17. f4 Nc4 18. Bxc4 Qxc4 19. Re3 Kb8 20. Nb3 Qc7 21. Qe1
Nh5 22. Bf2 Nxf4 23. Nxb5 Qxc2 24. N3d4 Qc5 25. Rc3 Qg5 26. Nc6+ Bxc6 27. Rxc6
axb5 28. Qa5 Nh3+ 29. Kf1 Rd7 30. Rb6+ Rb7 31. Rxb7+ Kxb7 32. Qb6+ Kc8 33. Qc6+
Kb8 34. gxh3 gxh3 35. Rc1 1-0

[Event "Barnsdale Young Masters"]
[Site "Uppingham"]
[Date "1989.02.25"]
[Round "3"]
[White "Holland, Christopher"]
[Black "McNab, Colin Anderson"]
[Result "0-1"]
[WhiteElo "2275"]
[BlackElo "2415"]
[PlyCount "62"]
[EventDate "1989.02.24"]
[EventType "swiss"]
[EventRounds "6"]
[EventCountry "ENG"]
[SourceTitle "BritBase"]
[Source "John Saunders"]
[SourceDate "2020.09.07"]
[SourceVersion "1"]
[SourceVersionDate "2020.09.07"]
[SourceQuality "2"]

1. d4 d6 2. e4 g6 3. Nf3 Nf6 4. Nc3 Bg7 5. Be2 O-O 6. O-O Bg4 7. h3 Bxf3 8.
Bxf3 Nc6 9. d5 Ne5 10. Be2 c6 11. f4 Ned7 12. Bf3 Nb6 13. dxc6 bxc6 14. Qe2 Qc7
15. g4 d5 16. e5 Nfd7 17. Bg2 e6 18. h4 Nc4 19. Nd1 f6 20. exf6 Nxf6 21. Qxe6+
Kh8 22. Qe2 Rae8 23. Qf3 Ne4 24. Qd3 Nc5 25. Qh3 Re2 26. c3 d4 27. b3 Nd2 28.
b4 Ne6 29. Qd3 Rxg2+ 30. Kxg2 Nxf1 31. Qxf1 dxc3 0-1

[Event "Barnsdale Young Masters"]
[Site "Uppingham"]
[Date "1989.02.25"]
[Round "3"]
[White "McDonald, Neil R"]
[Black "Buckley, Graeme"]
[Result "1-0"]
[WhiteElo "2495"]
[BlackElo "2240"]
[PlyCount "51"]
[EventDate "1989.02.24"]
[EventType "swiss"]
[EventRounds "6"]
[EventCountry "ENG"]
[SourceTitle "BritBase"]
[Source "John Saunders"]
[SourceDate "2020.09.07"]
[SourceVersion "1"]
[SourceVersionDate "2020.09.07"]
[SourceQuality "2"]

1. e4 c5 2. Nf3 e6 3. d4 cxd4 4. Nxd4 Nf6 5. Nc3 d6 6. Be2 Be7 7. O-O O-O 8.
Be3 Nc6 9. f4 a6 10. Kh1 Nxd4 11. Bxd4 b5 12. a3 Bb7 13. Qd3 Nd7 14. Rad1 e5
15. fxe5 dxe5 16. Bg1 Nc5 17. Qh3 Qe8 18. Bg4 Qc6 19. b4 Ne6 20. Nd5 Bd8 21.
Rxf7 Ng5 22. Rxf8+ Kxf8 23. Rf1+ Bf6 24. Rxf6+ Qxf6 25. Bc5+ Kf7 26. Bh5+ 1-0

[Event "Barnsdale Young Masters"]
[Site "Uppingham"]
[Date "1989.02.25"]
[Round "3"]
[White "Pein, Malcolm"]
[Black "Suba, Mihai"]
[Result "0-1"]
[WhiteElo "2405"]
[BlackElo "2515"]
[PlyCount "62"]
[EventDate "1989.02.24"]
[EventType "swiss"]
[EventRounds "6"]
[EventCountry "ENG"]
[SourceTitle "BritBase"]
[Source "John Saunders"]
[SourceDate "2020.09.07"]
[SourceVersion "1"]
[SourceVersionDate "2020.09.07"]
[SourceQuality "2"]

1. Nf3 c5 2. c4 Nf6 3. Nc3 e6 4. g3 b6 5. Bg2 Bb7 6. O-O a6 7. Re1 Be7 8. e4 d6
9. d4 cxd4 10. Nxd4 Qc7 11. Be3 O-O 12. Rc1 Nbd7 13. f4 Rfe8 14. g4 h6 15. g5
hxg5 16. fxg5 Nh7 17. g6 Nhf8 18. gxf7+ Kxf7 19. Bh3 Bf6 20. Nd5 exd5 21. cxd5
Nc5 22. b4 Rxe4 23. bxc5 dxc5 24. Qb3 Rxd4 25. d6+ c4 26. Bxd4 Bxd4+ 27. Kf1
Qxd6 28. Qxc4+ Kg6 29. Bf5+ Kh6 30. Qf7 Qf4+ 31. Ke2 Qe3+ 0-1

[Event "Barnsdale Young Masters"]
[Site "Uppingham"]
[Date "1989.02.25"]
[Round "3"]
[White "Plaskett, H James"]
[Black "Ward, Christopher"]
[Result "1/2-1/2"]
[WhiteElo "2445"]
[BlackElo "2370"]
[PlyCount "76"]
[EventDate "1989.02.24"]
[EventType "swiss"]
[EventRounds "6"]
[EventCountry "ENG"]
[SourceTitle "BritBase"]
[Source "John Saunders"]
[SourceDate "2020.09.07"]
[SourceVersion "1"]
[SourceVersionDate "2020.09.07"]
[SourceQuality "2"]

1. e4 c5 2. Nc3 Nc6 3. f4 e6 4. Nf3 a6 5. d4 cxd4 6. Nxd4 Qc7 7. Be3 b5 8. Nb3
d6 9. Bd3 Nf6 10. Qf3 Bb7 11. O-O Be7 12. Rae1 O-O 13. Qh3 Rfe8 14. f5 exf5 15.
exf5 Ne5 16. Bd4 b4 17. Ne2 Bd8 18. Nf4 Qc6 19. Qg3 a5 20. h3 a4 21. Nd2 Bb6
22. Qf2 Nxd3 23. cxd3 Bxd4 24. Qxd4 Rxe1 25. Rxe1 Re8 26. Rxe8+ Qxe8 27. Nc4
Qe1+ 28. Kh2 h5 29. Nxd6 Bd5 30. Nc4 h4 31. Nxd5 Qg3+ 32. Kh1 Nxd5 33. Qe4 Nf4
34. Ne5 Nxg2 35. Qa8+ Kh7 36. Nxf7 Qxh3+ 37. Kg1 Qxf5 38. Qxg2 Qxf7 1/2-1/2

[Event "Barnsdale Young Masters"]
[Site "Uppingham"]
[Date "1989.02.25"]
[Round "4"]
[White "Cooper, Lawrence"]
[Black "Chandler, Murray G"]
[Result "1/2-1/2"]
[WhiteElo "2300"]
[BlackElo "2600"]
[PlyCount "109"]
[EventDate "1989.02.24"]
[EventType "swiss"]
[EventRounds "6"]
[EventCountry "ENG"]
[SourceTitle "BritBase"]
[Source "John Saunders"]
[SourceDate "2020.09.07"]
[SourceVersion "1"]
[SourceVersionDate "2020.09.07"]
[SourceQuality "2"]

1. e4 c5 2. Nf3 Nc6 3. Bb5 Nf6 4. Bxc6 dxc6 5. Qe2 g6 6. b3 Bg7 7. Bb2 O-O 8.
O-O b5 9. d3 a5 10. c4 a4 11. Nbd2 Bh6 12. Bxf6 exf6 13. Rfc1 Qd6 14. cxb5 cxb5
15. d4 cxd4 16. Qxb5 axb3 17. axb3 Bg4 18. Rxa8 Rxa8 19. Re1 Ra2 20. e5 fxe5
21. Nc4 Qf6 22. Ncxe5 Be6 23. Qd3 Bf8 24. Qxd4 Bxb3 25. Nd7 Qxd4 26. Nxd4 Ba4
27. Nxf8 Kxf8 28. h3 Rd2 29. Nf3 Rd6 30. Ra1 Bd1 31. Ne5 Bb3 32. Rb1 Be6 33.
Nf3 h6 34. Rb2 Kg7 35. Rd2 Rb6 36. Nd4 Bc4 37. Rc2 Bd5 38. Rd2 Bb7 39. f3 Kf6
40. Kf2 Ke5 41. Ke3 f5 42. f4+ Kf6 43. Kf2 g5 44. Ne2 Be4 45. Nc3 gxf4 46. Nd5+
Bxd5 47. Rxd5 Kg5 48. Kf3 Rb3+ 49. Kf2 h5 50. Ra5 h4 51. Ra8 Rb2+ 52. Kf3 Rb3+
53. Kf2 f3 54. gxf3 Rb2+ 55. Ke3 {Source: Lawrence Cooper, 16 September 2020}
1/2-1/2

[Event "Barnsdale Young Masters"]
[Site "Uppingham"]
[Date "1989.02.25"]
[Round "4"]
[White "Martin, Andrew D"]
[Black "Dunnington, Angus J"]
[Result "1-0"]
[WhiteElo "2425"]
[BlackElo "2280"]
[PlyCount "55"]
[EventDate "1989.02.24"]
[EventType "swiss"]
[EventRounds "6"]
[EventCountry "ENG"]
[SourceTitle "BritBase"]
[Source "John Saunders"]
[SourceDate "2020.09.07"]
[SourceVersion "1"]
[SourceVersionDate "2020.09.07"]
[SourceQuality "2"]

1. e4 d6 2. d4 Nf6 3. Nc3 c6 4. f4 Qa5 5. Bd2 Qb6 6. Nf3 Bg4 7. Bd3 e5 8. dxe5
dxe5 9. h3 Bxf3 10. Qxf3 Nbd7 11. O-O-O Bd6 12. f5 Nc5 13. Bc4 Qc7 14. g4 h6
15. h4 h5 16. g5 Ng4 17. Be2 Qb6 18. Rdf1 O-O-O 19. Qg3 Bc7 20. Bxg4 hxg4 21.
Rd1 f6 22. Qxg4 Qa6 23. Be3 Na4 24. Nxa4 Qxa4 25. Kb1 Kb8 26. gxf6 gxf6 27.
Rxd8+ Rxd8 28. h5 1-0

[Event "Barnsdale Young Masters"]
[Site "Uppingham"]
[Date "1989.02.25"]
[Round "4"]
[White "Suba, Mihai"]
[Black "Crawley, Gavin"]
[Result "1-0"]
[WhiteElo "2515"]
[BlackElo "2385"]
[PlyCount "109"]
[EventDate "1989.02.24"]
[EventType "swiss"]
[EventRounds "6"]
[EventCountry "ENG"]
[SourceTitle "BritBase"]
[Source "John Saunders"]
[SourceDate "2020.09.07"]
[SourceVersion "1"]
[SourceVersionDate "2020.09.07"]
[SourceQuality "2"]

1. c4 e6 2. g3 d5 3. Bg2 Nf6 4. Nf3 c5 5. cxd5 exd5 6. d4 Be7 7. O-O O-O 8. Nc3
Nc6 9. Bg5 Be6 10. dxc5 Bxc5 11. Bxf6 Qxf6 12. Nxd5 Qxb2 13. Nc7 Rad8 14. Qc1
Qxc1 15. Raxc1 Be7 16. Nxe6 fxe6 17. Rc4 Bf6 18. Rb1 Rd6 19. h4 h6 20. Rc2 b6
21. e3 Rfd8 22. Bf1 Kf8 23. Kg2 Ne5 24. Nd4 Ng4 25. Nb3 Ne5 26. Rbc1 Nd3 27.
Bxd3 Rxd3 28. Kf3 a5 29. Ke2 a4 30. Nd2 b5 31. Rb1 Rc3 32. Rxc3 Bxc3 33. Ne4 b4
34. a3 g6 35. axb4 Bh8 36. Nc5 a3 37. Nxe6+ Ke7 38. Nxd8 Kxd8 39. Rd1+ Kc7 40.
f4 a2 41. g4 Kc6 42. g5 hxg5 43. hxg5 a1=Q 44. Rxa1 Bxa1 45. Kd3 Bb2 46. Kc2
Ba3 47. Kb3 Bc1 48. f5 Kd6 49. fxg6 Ke6 50. e4 Bxg5 51. Kc4 Kf6 52. Kd5 Kxg6
53. Ke6 Be3 54. e5 Bd4 55. b5 1-0

[Event "Barnsdale Young Masters"]
[Site "Uppingham"]
[Date "1989.02.25"]
[Round "4"]
[White "Wall, Tim"]
[Black "McDonald, Neil R"]
[Result "0-1"]
[WhiteElo "2200"]
[BlackElo "2495"]
[PlyCount "46"]
[EventDate "1989.02.24"]
[EventType "swiss"]
[EventRounds "6"]
[EventCountry "ENG"]
[SourceTitle "BritBase"]
[Source "John Saunders"]
[SourceDate "2020.09.07"]
[SourceVersion "1"]
[SourceVersionDate "2020.09.07"]
[SourceQuality "2"]

1. g4 d6 2. h3 g6 3. Bg2 Bg7 4. c4 Nf6 5. Nc3 c6 6. Nf3 Nbd7 7. d3 a6 8. Be3 e5
9. Rc1 Qe7 10. b4 O-O 11. Qd2 Re8 12. Ng5 Nf8 13. Nce4 Nxe4 14. Nxe4 f5 15.
gxf5 gxf5 16. Bg5 Qe6 17. Nc3 Qg6 18. Rg1 Ne6 19. Bh4 Kh8 20. Kf1 Qh5 21. Bg3
Bh6 22. e3 f4 23. Ne4 Rf8 0-1

[Event "Barnsdale Young Masters"]
[Site "Uppingham"]
[Date "1989.02.25"]
[Round "4"]
[White "Ward, Christopher"]
[Black "Hartston, William Roland"]
[Result "1-0"]
[WhiteElo "2370"]
[BlackElo "2430"]
[PlyCount "93"]
[EventDate "1989.02.24"]
[EventType "swiss"]
[EventRounds "6"]
[EventCountry "ENG"]
[SourceTitle "BritBase"]
[Source "John Saunders"]
[SourceDate "2020.09.07"]
[SourceVersion "1"]
[SourceVersionDate "2020.09.07"]
[SourceQuality "2"]

1. d4 Nf6 2. c4 c5 3. d5 e5 4. Nc3 d6 5. e4 Be7 6. g3 O-O 7. h4 Na6 8. Bh3 Bxh3
9. Nxh3 b5 10. cxb5 Nc7 11. a4 Qb8 12. O-O a6 13. bxa6 Nxa6 14. f3 Qc8 15. Nf2
Rb8 16. Qe2 Nb4 17. Kg2 Nd7 18. Ncd1 f5 19. Ne3 f4 20. Nf5 Rxf5 21. exf5 fxg3
22. Ne4 Nxd5 23. Rd1 Qc6 24. a5 c4 25. a6 N7b6 26. a7 Ra8 27. Ra5 Nb4 28. Bg5
Bf8 29. Nxg3 Nd3 30. b3 h6 31. Be3 d5 32. bxc4 dxc4 33. Ra6 Bc5 34. Rxd3 cxd3
35. Qxd3 Bxe3 36. Qxe3 Nd5 37. Qb3 Qc2+ 38. Qxc2 Ne3+ 39. Kf2 Nxc2 40. Ne4 Nd4
41. Nd6 Kf8 42. Nc4 Nb5 43. Ra5 Nxa7 44. Nb6 Rd8 45. Rxa7 Rd4 46. Kg3 Rf4 47.
Nd7+ 1-0

[Event "Barnsdale Young Masters"]
[Site "Uppingham"]
[Date "1989.02.26"]
[Round "5"]
[White "Crawley, Gavin"]
[Black "Littlewood, Paul E"]
[Result "1-0"]
[WhiteElo "2385"]
[BlackElo "2460"]
[PlyCount "105"]
[EventDate "1989.02.24"]
[EventType "swiss"]
[EventRounds "6"]
[EventCountry "ENG"]
[SourceTitle "BritBase"]
[Source "John Saunders"]
[SourceDate "2020.09.07"]
[SourceVersion "1"]
[SourceVersionDate "2020.09.07"]
[SourceQuality "2"]

1. e4 e5 2. Nf3 Nc6 3. Bb5 a6 4. Bxc6 dxc6 5. O-O f6 6. d4 exd4 7. Nxd4 c5 8.
Nb3 Qxd1 9. Rxd1 Bg4 10. f3 Be6 11. Bf4 c4 12. Na5 Bc5+ 13. Kf1 Bb6 14. b4 cxb3
15. axb3 Ne7 16. Nxb7 Nc6 17. c4 Bd4 18. Ra2 O-O 19. Bxc7 Rf7 20. Na5 Nb4 21.
Rad2 Rxc7 22. Rxd4 Kf7 23. Ke2 Raa7 24. Rd6 Rc5 25. Rb6 Rxa5 26. Rxb4 Rg5 27.
g3 a5 28. Ra4 Rb7 29. Nd2 Bd7 30. Ra3 Rb4 31. Rda1 a4 32. bxa4 Ra5 33. Kd3
Raxa4 34. Rxa4 Rxa4 35. Rxa4 Bxa4 36. Kd4 Ke6 37. Kc5 g5 38. f4 gxf4 39. gxf4
Kd7 40. Nf3 Bc6 41. Kd4 Ke6 42. f5+ Ke7 43. Ne1 Kf7 44. Nd3 Kg7 45. Nf4 Kh6 46.
h4 Ba4 47. Nd5 Kg7 48. c5 Kf7 49. e5 fxe5+ 50. Kxe5 Bb5 51. Nf6 h6 52. Ng4 Be2
53. c6 1-0

[Event "Barnsdale Young Masters"]
[Site "Uppingham"]
[Date "1989.02.26"]
[Round "5"]
[White "Flear, Glenn C"]
[Black "Large, Peter G"]
[Result "1-0"]
[WhiteElo "2500"]
[BlackElo "2340"]
[PlyCount "149"]
[EventDate "1989.02.24"]
[EventType "swiss"]
[EventRounds "6"]
[EventCountry "ENG"]
[SourceTitle "BritBase"]
[Source "John Saunders"]
[SourceDate "2020.09.07"]
[SourceVersion "1"]
[SourceVersionDate "2020.09.07"]
[SourceQuality "2"]

1. d4 d5 2. c4 dxc4 3. Nf3 Nf6 4. Nc3 e6 5. e4 Bb4 6. Bg5 c5 7. Bxc4 cxd4 8.
Nxd4 Bxc3+ 9. bxc3 Qa5 10. Bxf6 gxf6 11. O-O Nd7 12. Rb1 a6 13. Qg4 Qxc3 14.
Nxe6 Qxc4 15. Qg7 Qxe6 16. Qxh8+ Nf8 17. a4 Bd7 18. Rxb7 Bxa4 19. Qg7 Bc6 20.
Rc7 Rd8 21. h3 a5 22. Rb1 a4 23. e5 a3 24. exf6 a2 25. Ra1 Bd7 26. Ra7 Rc8 27.
R7xa2 Rc1+ 28. Rxc1 Qxa2 29. Re1+ Be6 30. Rd1 Qa4 31. Rb1 Qf4 32. Ra1 Bd5 33.
Ra7 Qc1+ 34. Kh2 Qf4+ 35. Qg3 Qxg3+ 36. Kxg3 Nd7 37. Ra6 Kd8 38. f3 Bb7 39. Rd6
Kc7 40. Rd4 Nxf6 41. Kh4 Nd5 42. Rg4 Ne3 43. Rg5 Kd6 44. Kg3 Ke6 45. Rh5 Kf6
46. Rxh7 Kg6 47. Rh8 Kg7 48. Re8 Nf5+ 49. Kf4 Nh4 50. Re2 Kf6 51. Rb2 Ng6+ 52.
Ke3 Bc8 53. f4 Kg7 54. g4 f5 55. Rc2 Ne7 56. g5 Be6 57. h4 Nd5+ 58. Kd4 Bf7 59.
Ke5 Ne7 60. Rc7 Ng6+ 61. Kxf5 Nxh4+ 62. Kg4 Ng6 63. f5 Nf8 64. Kf4 Kg8 65. Ke5
Kg7 66. Ra7 Kg8 67. g6 Nxg6+ 68. Kf6 Nh4 69. Ra8+ Kh7 70. Ra7 Kg8 71. Rxf7 Nxf5
72. Rd7 Nh4 73. Rg7+ Kh8 74. Rg3 Kh7 75. Rh3 1-0

[Event "Barnsdale Young Masters"]
[Site "Uppingham"]
[Date "1989.02.26"]
[Round "5"]
[White "McNab, Colin Anderson"]
[Black "Suba, Mihai"]
[Result "1/2-1/2"]
[WhiteElo "2415"]
[BlackElo "2515"]
[PlyCount "79"]
[EventDate "1989.02.24"]
[EventType "swiss"]
[EventRounds "6"]
[EventCountry "ENG"]
[SourceTitle "BritBase"]
[Source "John Saunders"]
[SourceDate "2020.09.07"]
[SourceVersion "1"]
[SourceVersionDate "2020.09.07"]
[SourceQuality "2"]

1. c4 Nf6 2. Nf3 c5 3. g3 b6 4. Bg2 Bb7 5. O-O e6 6. b3 Be7 7. Bb2 O-O 8. d3 d5
9. e3 Nc6 10. Qe2 Rc8 11. Nc3 Rc7 12. Rfd1 dxc4 13. bxc4 Qa8 14. Ne1 Na5 15. f4
Bxg2 16. Nxg2 Rd8 17. Rd2 a6 18. g4 Rcd7 19. Rad1 Qb7 20. f5 exf5 21. gxf5 b5
22. Nd5 bxc4 23. Nxe7+ Rxe7 24. Bxf6 gxf6 25. dxc4 Red7 26. Rxd7 Rxd7 27. Nf4
Rxd1+ 28. Qxd1 Nxc4 29. Nd5 Kf8 30. Nxf6 Qg2+ 31. Kxg2 Nxe3+ 32. Kf3 Nxd1 33.
Nd7+ Ke7 34. Nxc5 Nc3 35. Nxa6 Nxa2 36. Nc5 Nc3 37. Kg4 Kf6 38. Nd7+ Kg7 39.
f6+ Kg6 40. Nf8+ 1/2-1/2